| 000 | 01121cam a22002055a 4500 | ||
|---|---|---|---|
| 001 | L140828 | ||
| 008 | 071015s1868 xxk eng u | ||
| 035 | _a(Sirsi) u140828 | ||
| 041 | 0 | _aeng | |
| 100 | 1 | _aTuckett, Philip D. | |
| 245 | 0 | 0 | _aParticulars of a very attractive and beautiful freehold residential estate distinguished as Haughley Park, conveniently situate in the parishes of Haughley, Woolpit and Wetherden in the County of Suffolk...also, in separate lots, the very valuable Manor of Haughley...which will be sold by auction by Mr Philip D. Tuckett at the New Auction Mart, Tokenhouse Yard, London E.C. on Tuesday the 21st day of July 1868... |
| 260 |
_aS.l. _bs.n. _c[1868] |
||
| 300 |
_a11 p. [4 leaves] _bill., col. map _c43 cm. |
||
| 340 | _aPrinted | ||
| 351 | _cSingle item | ||
| 500 | _aAt the rear of the volume are a double-page coloured map of the Haughley Park Estate, illustrations of the 'garden front' and 'driving front' of the house, and a ground plan. | ||
| 651 | 4 | _aSuffolk | |
| 690 | _aPROPERTY-PROPERTY ACQUISITION AND DISPOSAL-ACQUISITION AND DISPOSAL AT AUCTION | ||
| 942 | _n0 | ||
| 999 |
_c116496 _d116496 |
||